| 000 | 00388cam a2200157ua 4500 | ||
|---|---|---|---|
| 041 |
_aeng _h |
||
| 082 |
_a301 _bGIS/FU |
||
| 100 | _aGisbert, Pascual . | ||
| 245 |
_aFundamentals of sociology / _cPascual Gisbert. _hTextual Documents |
||
| 250 |
_a1 / _b. |
||
| 260 |
_aLondon : _bOrient-Longman Ltd , _c1959. |
||
| 300 | _a419 ; . | ||
| 504 | _a | ||
| 942 | _cBK | ||
| 999 |
_c3185 _d3185 |
||